Kontroly v systéme podvojného účtovníctva 3. časť
Rámcová účtovná osnova pre podnikateľov, ktorá má v metodike podvojného účtovníctva funkciu hlavného navigátora pri zaznamenávaní účtovných prípadov. Správne vedené účtovníctvo nie je možné bez jej dôkladného poznania a bez ovládania formálnych pravidiel zápisu na rôzne typy účtov.
Enregistré dans:
| Auteur principal: | |
|---|---|
| Format: | Chapitre de livre |
| Langue: | slovaque |
| Sujets: | |
| Tags: |
Pas de tags, Soyez le premier à ajouter un tag!
|
MARC
| LEADER | 00000naa a2200000 4500 | ||
|---|---|---|---|
| 001 | 0238928 | ||
| 005 | 20221104111107.9 | ||
| 041 | 0 | |a slo | |
| 044 | |a SK | ||
| 245 | 1 | 0 | |a Kontroly v systéme podvojného účtovníctva 3. časť |c Viera Bartošová |
| 520 | |a Rámcová účtovná osnova pre podnikateľov, ktorá má v metodike podvojného účtovníctva funkciu hlavného navigátora pri zaznamenávaní účtovných prípadov. Správne vedené účtovníctvo nie je možné bez jej dôkladného poznania a bez ovládania formálnych pravidiel zápisu na rôzne typy účtov. | ||
| 610 | 2 | 0 | |a účtovníctvo podvojné |
| 610 | 2 | 0 | |a zákony |
| 610 | 2 | 0 | |a osnova účtová |
| 610 | 2 | 0 | |a pravidlá účtovné |
| 610 | 2 | 0 | |a rozvrh účtový |
| 610 | 2 | 0 | |a podnikatelia |
| 610 | 2 | 0 | |a kontrola |
| 100 | 1 | |a Bartošová, Viera | |